skbl

Dr Suryya Kumar Bhuyan Library Web-OPAC
ডঃ সূৰ্য্য
কুমাৰ ভূঞা পুথিভঁৰাল ৱেব-অ'পেক

All Research Scholars are advised to clear the annual library fees to continue using Library Resources, Remote Access, Plagiarism Test and Library Clearance.

Cotton University Book Fair 2026

Prophet Muhammad and His Mission (Record no. 64215)

MARC details
000 -LEADER
fixed length control field 00497nam a2200181Ia 4500
001 - CONTROL NUMBER
control field 63108
008 - FIXED-LENGTH DATA ELEMENTS--GENERAL INFORMATION
fixed length control field 181221n1920 ii |||gr||||Z||||||465
041 ## - LANGUAGE CODE
Language code of text/sound track or separate title 465
082 ## - DEWEY DECIMAL CLASSIFICATION NUMBER
Classification number 297
100 ## - MAIN ENTRY--PERSONAL NAME
Personal name Husain, Athar,
Relator term Author.
245 #0 - TITLE STATEMENT
Title Prophet Muhammad and His Mission
Statement of responsibility, etc. Athar Husain
Medium Textual Documents
260 ## - PUBLICATION, DISTRIBUTION, ETC.
Place of publication, distribution, etc. New Delhi
Name of publisher, distributor, etc. Asia Publishing House
Date of publication, distribution, etc. 1920
300 ## - PHYSICAL DESCRIPTION
Extent 214pg:
Dimensions 21cm.
653 ## - INDEX TERM--UNCONTROLLED
Uncontrolled term Islamic studies
653 ## - INDEX TERM--UNCONTROLLED
Uncontrolled term G- Islamic studies
653 ## - INDEX TERM--UNCONTROLLED
Uncontrolled term G- Islamic studies
942 ## - ADDED ENTRY ELEMENTS (KOHA)
Source of classification or shelving scheme Dewey Decimal Classification
Koha item type Books
Holdings
Withdrawn status Lost status Damaged status Not for loan Collection Home library Current library Shelving location Date acquired Coded location qualifier Total checkouts Full call number Barcode Date last seen Copy number Price effective from Koha item type
          Dr. Suryya Kumar Bhuyan Library Dr. Suryya Kumar Bhuyan Library   21/12/2018 00000   297 H 27 P 57283 14/01/2024 1 21/12/2018 Books

Designed and Maintained by Team SKBL
©1901-2026

Powered by Koha